Radheshyam Kathavachak (Record no. 516532)
[ view plain ]
| 000 -LEADER | |
|---|---|
| fixed length control field | 00256nam a22000977a 4500 |
| 082 ## - DEWEY DECIMAL CLASSIFICATION NUMBER | |
| Classification number | TNC A99x54 Ma21 |
| 100 ## - MAIN ENTRY--PERSONAL NAME | |
| Personal name | Madhuresh |
| 9 (RLIN) | 23053 |
| 245 ## - TITLE STATEMENT | |
| Title | Radheshyam Kathavachak |
| Statement of responsibility, etc | by Madhuresh |
| 260 ## - PUBLICATION, DISTRIBUTION, ETC. (IMPRINT) | |
| Place of publication, distribution, etc | New Delhi |
| Name of publisher, distributor, etc | Rashtriya Natya Vidyalaya |
| Date of publication, distribution, etc | 2010 |
| 300 ## - PHYSICAL DESCRIPTION | |
| Extent | 143p. |
| Withdrawn status | Lost status | Source of classification or shelving scheme | Damaged status | Koha normalized classification for sorting | Not for loan | Permanent location | Current location | Date acquired | Full call number | Barcode | Date last seen | Price effective from | Koha item type |
|---|---|---|---|---|---|---|---|---|---|---|---|---|---|
| TNC_A99X54_MA21 | Indian Institute of Public Administration | Indian Institute of Public Administration | 2021-02-26 | TNC A99x54 Ma21 | GR23149 | 2021-02-26 | 2021-02-26 | GR |
